Cirkulární ekonomie a ekonomika 2 státy, podniky a lidé na cestě do doby postfosilní

Na minha lista:
Detalhes bibliográficos
Autor principal: Kislingerová, Eva
Formato: Livro
Idioma:tcheco
Publicado em: Praha Grada Publishing 2023
Edição:1. vydání
Assuntos:
Tags: Adicionar Tag
Sem tags, seja o primeiro a adicionar uma tag!

MARC

LEADER 00000nam a2200000 4500
001 0292016
005 20240416114206.3
020 |a 978-80-271-2932-4 
041 0 |a cze 
044 |a CZ 
245 1 0 |a Cirkulární ekonomie a ekonomika 2  |b státy, podniky a lidé na cestě do doby postfosilní  |c Eva Kislingerová a kol. 
250 |a 1. vydání 
264 1 |a Praha  |b Grada Publishing  |c 2023 
300 |a 240 s. 
610 2 0 |a hospodárstvo obehové 
610 2 0 |a pandémia 
610 2 0 |a kríza energetická 
610 2 0 |a kríza finančná 
610 2 0 |a konflikty medzinárodné 
610 2 0 |a prostredie podnikateľské 
610 2 0 |a udržateľnosť 
610 2 0 |a zdroje energie obnoviteľné 
610 2 0 |a optimalizácia 
610 2 0 |a obeh 
610 2 0 |a cykly hospodárske 
610 2 0 |a cyklus výrobku životný 
610 2 0 |a spracovanie odpadu 
100 1 |a Kislingerová, Eva